Mejoramiento de la figura y acondicionamiento del cuerpo por medio del ejercicio

محفوظ في:
التفاصيل البيبلوغرافية
المؤلف الرئيسي: Wallis, Earl L.
مؤلفون آخرون: Gene A. Logan
التنسيق: كتاب
اللغة:الإسبانية
منشور في: México, D.F. Diana. 1964.
الموضوعات:
الوسوم: إضافة وسم
لا توجد وسوم, كن أول من يضع وسما على هذه التسجيلة!

MARC

LEADER 00000nam a22000005a 4500
001 17004
003 CL-ChBUA
005 20120815103625.0
008 070301s1964 mx 000 0 spa
040 |a CL-ChBUA  |c CL-ChBUA 
082 0 0 |a 371.73 
090 |c 17004  |d 17004 
100 1 |a Wallis, Earl L. 
245 1 0 |a Mejoramiento de la figura y acondicionamiento del cuerpo por medio del ejercicio 
260 |b Diana.  |a México, D.F.  |c 1964. 
300 |a 124 p.: il.  |b 124 p.: il.  |c 25 cm. 
504 |a Indice. 
650 4 |a EDUCACION FISICA. 
700 1 |a Gene A. Logan. 
942 |c LIB 
952 |0 0  |1 0  |4 0  |7 0  |9 23553  |a UNACH  |b UNACH  |c 300  |d 2007-03-05  |i 8.523.  |l 0  |o 371.73 / W 214.  |p 24552  |r 2015-03-30 00:00:00  |u 23553  |w 2012-08-08  |y LIB  |k 371.73 / W 214. 
999 |c 17004  |d 17004